| 000 | 00893cam#a22002775a#4500 | ||
|---|---|---|---|
| 001 | 10148 | ||
| 003 | ELIS10148 | ||
| 005 | 20150907083540.0 | ||
| 008 | t1997#######a####r#####000#0#ara#d | ||
| 040 |
_aمكتبة المعهد الهولندي الفلمنكي _cمكتبة المعهد الهولندي الفلمنكي |
||
| 100 | _aحسن خضيري أحمد | ||
| 245 | 1 | _aعلاقات الفاطميين في مصر بدول المغرب (362 - 567 هـ / 973 - 1171 م) | |
| 260 |
_aالقاهرة _bمكتبة مدبولي _c1997 |
||
| 300 | _a344 | ||
| 440 | _aصفحات من تاريخ مصر | ||
| 500 | _aالمكتبة | ||
| 650 | _aالتجارة | ||
| 650 | _aقبل 1800 م | ||
| 650 | _aالثقافة | ||
| 650 | _aمصر | ||
| 650 | _aالتاريخ | ||
| 650 | _aالسياسة | ||
| 650 | _aالمغرب | ||
| 650 | _aالعصر الفاطمي | ||
| 902 | _aE 1286 | ||
| 999 |
_c165 _d165 |
||